Vereint gegen Kriminalität: Wege der kommunalen Kriminalprävention in Deutschland

Gespeichert in:  
Bibliographische Detailangaben
Beteiligte: Kube, Edwin 1938-2022 (Herausgegeben von)
Medienart: Druck Buch
Sprache:Deutsch
Veröffentlicht: Lübeck [u.a.] Schmidt-Römhild 1996
In:Jahr: 1996
Bestand in Tübingen:In Tübingen vorhanden.
IFK: P I 569
Verfügbarkeit prüfen: HBZ Gateway
Subito Bestelldienst: Jetzt bestellen.
Bände / Aufsätze:Bände / Aufsätze anzeigen.
Schlagwörter:

MARC

LEADER 00000cam a2200000 c 4500
001 219492646
003 DE-627
005 20251129021344.0
007 tu
008 961203s1996 gw ||||| 00| ||ger c
016 7 |a 949252387  |2 DE-101 
020 |a 3795007194  |9 3-7950-0719-4 
035 |a (DE-627)219492646 
035 |a (DE-576)056272170 
035 |a (DE-599)GBV219492646 
035 |a (OCoLC)75866626 
035 |a (OCoLC)75866626 
035 |a (DE-604)8112417906 
040 |a DE-627  |b ger  |c DE-627  |e rakwb 
041 |a ger 
044 |c XA-DE 
084 |a 19  |a 20  |a 14  |2 sdnb 
084 |a PH 8240  |2 rvk  |0 (DE-625)rvk/136495: 
084 |a 71.65  |2 bkl 
245 0 0 |a Vereint gegen Kriminalität  |b Wege der kommunalen Kriminalprävention in Deutschland  |c Edwin Kube ... (Hrsg.) 
264 1 |a Lübeck [u.a.]  |b Schmidt-Römhild  |c 1996 
300 |a 331 S.  |b Ill., graph. Darst., Kt. 
336 |a Text  |b txt  |2 rdacontent 
337 |a ohne Hilfsmittel zu benutzen  |b n  |2 rdamedia 
338 |a Band  |b nc  |2 rdacarrier 
500 |a Literaturverz. S. 325 - 326 
583 1 |a Archivierung/Langzeitarchivierung gewährleistet  |f PESH  |x XA-DE-SH  |2 pdager  |5 DE-68 
655 7 |a Aufsatzsammlung  |0 (DE-588)4143413-4  |0 (DE-627)105605727  |0 (DE-576)209726091  |2 gnd-content 
689 0 0 |d s  |0 (DE-588)4033178-7  |0 (DE-627)10458503X  |0 (DE-576)209000511  |a Kriminalität  |2 gnd 
689 0 1 |d s  |0 (DE-588)4076308-0  |0 (DE-627)104364106  |0 (DE-576)209201428  |a Prävention  |2 gnd 
689 0 2 |d s  |0 (DE-588)4019956-3  |0 (DE-627)106319752  |0 (DE-576)208931368  |a Gemeinde  |2 gnd 
689 0 |5 DE-101 
700 1 |a Kube, Edwin  |d 1938-2022  |e Hrsg.  |0 (DE-588)131675621  |0 (DE-627)512175578  |0 (DE-576)161848419  |4 edt 
935 |a BWLB 
935 |i Blocktest 
936 r v |a PH 8240  |b Kriminalpolitik, Kriminalisierung und Entkriminalisierung; Kriminalität / Prävention; Meinung und Einstellung der Bevölkerung zur Kriminalität und Verbrechenskontrolle; Kriminalitätsfurcht; Ökonomik von Kriminalität  |k Rechtswissenschaft  |k Strafrecht, Strafverfahrensrecht, Kriminologie  |k Kriminologie  |k Kriminalität und Kriminalpolitik  |k Kriminalpolitik, Kriminalisierung und Entkriminalisierung; Kriminalität / Prävention; Meinung und Einstellung der Bevölkerung zur Kriminalität und Verbrechenskontrolle; Kriminalitätsfurcht; Ökonomik von Kriminalität  |0 (DE-627)1271677105  |0 (DE-625)rvk/136495:  |0 (DE-576)201677105 
936 b k |a 71.65  |j Kriminalität als soziales Problem  |0 (DE-627)106412248 
951 |a BO 
ELC |b 1 
LOK |0 000 xxxxxcx a22 zn 4500 
LOK |0 001 3160937135 
LOK |0 003 DE-627 
LOK |0 004 219492646 
LOK |0 005 20020607000000 
LOK |0 008 970813||||||||||||||||ger||||||| 
LOK |0 040   |a DE-21-110  |c DE-627  |d DE-21-110 
LOK |0 852   |a DE-21-110 
LOK |0 852 1  |c P I 569  |m p  |9 00 
LOK |0 935   |a k110 
LOK |0 936ln  |a 2.4 
LOK |0 938   |k p 
LOK |0 939   |a 13-08-97  |b l01 
ORI |a SA-MARC-krimdoka001.raw 
SIG |a IFK: P I 569 
SPR |a 1  |t KRI